|
|
|
|
| LEADER |
01325nam a22003252a 4500 |
| 001 |
000755420 |
| 003 |
CZ BrMZK |
| 005 |
20190521135826.0 |
| 007 |
ta |
| 008 |
041214s1948 xr e f||||||| ||cze d |
| 040 |
|
|
|a ABA001
|b cze
|c PNA001
|d ABA001
|d BOA001
|
| 072 |
|
7 |
|a 37
|x Výchova a vzdělávání
|2 Konspekt
|9 22
|
| 080 |
|
|
|a 37.01(091)
|2 MRF
|
| 080 |
|
|
|a (035)
|2 MRF
|
| 100 |
1 |
|
|a Chlup, Otokar,
|d 1875-1965
|7 jk01050214
|4 aut
|
| 245 |
1 |
0 |
|a Výchova v zrcadle pramenů :
|b příručka k dějinám pedagogiky.
|n [Díl] 1. /
|c Otokar Chlup
|
| 250 |
|
|
|a Vydání I.
|
| 260 |
|
|
|a V Praze :
|b Dědictví Komenského,
|c 1948
|f (ČsoL-Národní osvobození)
|
| 300 |
|
|
|a 406, [I] s. ;
|c 8°
|
| 490 |
1 |
|
|a Spisy Dědictví Komenského ;
|v čís. 417
|
| 490 |
1 |
|
|a Příležitostné vzdělávací spisy Dědictví Komenského
|
| 650 |
0 |
7 |
|a dějiny pedagogiky
|7 ph198686
|2 czenas
|
| 655 |
|
7 |
|a příručky
|7 fd133209
|2 czenas
|
| 830 |
|
0 |
|a Spisy Dědictví Komenského
|0 s
|
| 830 |
|
0 |
|a Příležitostné vzdělávací spisy Dědictví Komenského
|0 s
|
| 910 |
|
|
|a BOA001
|b 2-0042.072,417
|
| 990 |
|
|
|a BK
|
| 991 |
|
|
|b 200502
|
| 996 |
7 |
|
|b 2619214634
|c 2-0042.072,417
|l MZK
|r Sklad / do 24 hodin
|n 6
|w 000755420
|u 000010
|a 1
|e BOA001
|j MZK50
|s A
|
| 996 |
7 |
|
|b 2619219205
|c 2-0042.072,417
|l MZK
|r Sklad / do 24 hodin
|n 2
|w 000755420
|u 000020
|a 1
|e BOA001
|j MZK50
|s A
|